<?xml version="1.0" encoding="UTF-8"?>
<record
    xmlns:xsi="http://www.w3.org/2001/XMLSchema-instance"
    xsi:schemaLocation="http://www.loc.gov/MARC21/slim http://www.loc.gov/standards/marcxml/schema/MARC21slim.xsd"
    xmlns="http://www.loc.gov/MARC21/slim">

  <leader>00696nam a22002177a 4500</leader>
  <controlfield tag="003">OSt</controlfield>
  <controlfield tag="005">20251222100447.0</controlfield>
  <controlfield tag="008">251222b        |||||||| |||| 00| 0 eng d</controlfield>
  <datafield tag="040" ind1=" " ind2=" ">
    <subfield code="c">DCL</subfield>
  </datafield>
  <datafield tag="041" ind1=" " ind2=" ">
    <subfield code="a">English</subfield>
  </datafield>
  <datafield tag="082" ind1=" " ind2=" ">
    <subfield code="a">959.101</subfield>
  </datafield>
  <datafield tag="100" ind1="1" ind2=" ">
    <subfield code="a">S&#x12B;lava&#x1E41;sa, Mah&#x101;</subfield>
  </datafield>
  <datafield tag="245" ind1="1" ind2="4">
    <subfield code="a">The Yazawin- Kyaw /</subfield>
    <subfield code="c">by Venerable Mah&#x101; S&#x12B;lava&#x1E41;sa; translated and by Tun Myint Aung.</subfield>
  </datafield>
  <datafield tag="260" ind1=" " ind2=" ">
    <subfield code="a">Yangon :</subfield>
    <subfield code="b">Thirigonewai press,</subfield>
    <subfield code="c">2020.</subfield>
  </datafield>
  <datafield tag="300" ind1=" " ind2=" ">
    <subfield code="a">147 pages :</subfield>
    <subfield code="c">22 cm.</subfield>
  </datafield>
  <datafield tag="500" ind1=" " ind2=" ">
    <subfield code="a">Includes references and index.</subfield>
  </datafield>
  <datafield tag="504" ind1=" " ind2=" ">
    <subfield code="a">Includes bibliographical references (p. 230-233) and index</subfield>
  </datafield>
  <datafield tag="651" ind1=" " ind2=" ">
    <subfield code="a">Myanmar </subfield>
    <subfield code="v">History </subfield>
  </datafield>
  <datafield tag="700" ind1="0" ind2=" ">
    <subfield code="a">Tun Myint Aung</subfield>
    <subfield code="e">translator</subfield>
  </datafield>
  <datafield tag="942" ind1=" " ind2=" ">
    <subfield code="2">ddc</subfield>
    <subfield code="c">SHORT TERM</subfield>
    <subfield code="n">0</subfield>
  </datafield>
  <datafield tag="952" ind1=" " ind2=" ">
    <subfield code="0">0</subfield>
    <subfield code="1">0</subfield>
    <subfield code="2">ddc</subfield>
    <subfield code="4">0</subfield>
    <subfield code="7">0</subfield>
    <subfield code="8">E</subfield>
    <subfield code="a">DHAM</subfield>
    <subfield code="b">DHAM</subfield>
    <subfield code="c">ENBS</subfield>
    <subfield code="d">2025-12-22</subfield>
    <subfield code="l">0</subfield>
    <subfield code="o">959.101 Si 3787</subfield>
    <subfield code="p">EB00003787</subfield>
    <subfield code="r">2025-12-22 10:05:24</subfield>
    <subfield code="w">2025-12-22</subfield>
    <subfield code="y">SHORT TERM</subfield>
    <subfield code="A">3787</subfield>
  </datafield>
  <datafield tag="999" ind1=" " ind2=" ">
    <subfield code="c">2779</subfield>
    <subfield code="d">2779</subfield>
  </datafield>
</record>
